| 000 | 00882nam a2200241 i 4500 | ||
|---|---|---|---|
| 001 | 13972 | ||
| 003 | ES-MaACL | ||
| 005 | 20230906150713.0 | ||
| 007 | t| | ||
| 008 | 980825s1998 sp |||| |bspa d | ||
| 020 | _a84-88973-67-5 | ||
| 080 | _a929 Valverde, Calixto:34 | ||
| 100 | 1 |
_aMedina de Lemus, Manuel. _979731 |
|
| 245 | 1 | 0 |
_aDon Calixto Valverde _b: una vocación universitaria / _cManuel Medina de Lemus. |
| 260 |
_aMadrid : _bColegio de Registradores de la Propiedad y Mercantiles de España, _c[1998] |
||
| 300 |
_a334 p. ; _c21 cm. |
||
| 490 | 1 | _aBiblioteca del Seminario Jerónimo González | |
| 600 | 1 | 4 |
_aValverde y Valverde, Calixto. _9113024 |
| 710 | 2 |
_aColegio de Registradores de la Propiedad y Mercantiles de España. _92938 |
|
| 830 | 0 |
_aBiblioteca del Seminario Jerónimo González _9179570 |
|
| 852 |
_aES-MaACL _jL-21336 |
||
| 999 |
_c13972 _d13972 |
||